Sports Quiz

Random Sports or NHL Quiz

NHL All Time Hockey Teams by Location Quiz Stats

Quiz Updated Jun 12, 2017

Also try: NHL Teams
Challenge
Share
Tweet
Embed
Score 0/61 Timer 12:00
22 Plays Today
Location Team Nickname % Correct
Montreal*Canadiens
95.3%
Toronto*Maple Leafs
94.5%
Pittsburgh*Penguins
92.9%
St. Louis*Blues
92.9%
OttawaSenators
92.4%
Ottawa*Senators
92.4%
New York*Rangers
92%
Philadelphia*Flyers
91.3%
Detroit*Red Wings
90.8%
WinnipegJets
90.7%
Anaheim*Ducks
90.4%
ChicagoBlack Hawks
90.3%
Chicago*Blackhawks
90.3%
Edmonton*Oilers
90%
Vancouver*Canucks
90%
AtlantaFlames
89.8%
Calgary*Flames
89.8%
Los Angeles*Kings
89.6%
Dallas*Stars
89.4%
New Jersey*Devils
89.4%
Colorado*Avalanche
89.2%
New York*Islanders
89.2%
Minnesota*Wild
88.8%
Boston*Bruins
88.2%
San Jose*Sharks
88%
Buffalo*Sabres
87.9%
Columbus*Blue Jackets
87.5%
Florida*Panthers
87.4%
Tampa Bay*Lightning
87.1%
Nashville*Predators
87.1%
PhoenixCoyotes
86.8%
Location Team Nickname % Correct
Carolina*Hurricanes
86.7%
Winnipeg*Jets
86.4%
Washington*Capitals
86.4%
HartfordWhalers
82.2%
ArizonaCoyotes
82%
Vegas*Golden Knights
81.9%
AtlantaThrashers
80.5%
QuebecNordiques
78.4%
AnaheimMighty Ducks of
78%
MinnesotaNorth Stars
76.7%
ColoradoRockies
56.3%
CaliforniaSeals
49.8%
OaklandSeals
49.8%
MontrealMaroons
47.7%
CaliforniaGolden Seals
45.4%
ClevelandBarons
40.9%
HamiltonTigers
40%
Kansas CityScouts
36.4%
New YorkAmericans
36.4%
BrooklynAmericans
36.3%
TorontoSt. Patricks
36.2%
QuebecBulldogs
35.8%
St. LouisEagles
34.6%
PittsburghPirates
27.7%
PhiladelphiaQuakers
23.6%
TorontoArenas
22.3%
MontrealWanderers
21%
DetroitFalcons
20.6%
DetroitCougars
19.9%
TorontoBlueshirts
12.1%

You're not logged in!

Compare scores with friends on all Sporcle quizzes.
Sign Up with Email
OR
Log In

You Might Also Like...

Show Comments

Extras

Top Quizzes Today


Score Distribution

Your Account Isn't Verified!

In order to create a playlist on Sporcle, you need to verify the email address you used during registration. Go to your Sporcle Settings to finish the process.